Единый государственный экзамен
| その他の著者: | |
|---|---|
| 要約: | Исключено из фонда НТБ ТПУ |
| 言語: | ロシア語 |
| 出版事項: |
Москва, Приор, 2002
|
| フォーマット: | 図書 |
| KOHA link: | https://koha.lib.tpu.ru/cgi-bin/koha/opac-detail.pl?biblionumber=49091 |
MARC
| LEADER | 00000nam0a2200000 4500 | ||
|---|---|---|---|
| 001 | 49091 | ||
| 005 | 20231031032500.0 | ||
| 010 | |a 5799008073 | ||
| 035 | |a (RuTPU)RU\TPU\book\51411 | ||
| 090 | |a 49091 | ||
| 100 | |a 20030325d2002 m y0rusy50 ca | ||
| 101 | 0 | |a rus | |
| 102 | |a RU | ||
| 105 | |a y nz 000zy | ||
| 200 | 1 | |a Единый государственный экзамен |f под ред. М. А. Подобеда | |
| 210 | |a Москва |c Приор |d 2002 | ||
| 215 | |a 48 с. | ||
| 333 | |a Исключено из фонда НТБ ТПУ | ||
| 702 | 1 | |a Подобед |b М. А. |4 340 | |
| 801 | 1 | |a RU |b 63413507 |c 20030325 |g PSBO | |
| 801 | 2 | |a RU |b 63413507 |c 20220615 |g PSBO | |
| 942 | |c BK | ||